Konsep kerasulan dan peranannya dalam pembentukan masyarakat

Bibliographic Details
Main Author: Ibrahim Abu Bakar (Author)
Format: Book
Published: Kuala Lumpur : Dewan Bahasa dan Pustaka , 1990
Subjects:

MARC

LEADER 00000cam a2200000 7i4500
001 0000004599
005 20031216093000.0
008 021118s1990
020 |a 9836214232 
090 0 0 |a BP166   |b .I272 
100 0 |a Ibrahim Abu Bakar ,   |e author 
245 0 0 |a Konsep kerasulan dan peranannya dalam pembentukan masyarakat   |c Ibrahim Abu Bakar 
260 2 |a Kuala Lumpur :   |b Dewan Bahasa dan Pustaka ,   |c 1990 
300 |a xiv, 250 p. ;   |c 22 cm. 
504 |a Mengandungi bibliografi (ms. 233-245) dan indeks 
650 0 |a Islam   |x Doctrines 
650 0 |a Prophets 
999 |a 1000004051   |b Book   |c OPEN SHELF (30 DAYS)   |e Gong Badak Campus 
999 |a 1000004052   |b Book   |c OPEN SHELF (30 DAYS)   |e Gong Badak Campus 
999 |a 1000085875   |b Book   |c OPEN SHELF (30 DAYS)   |e Gong Badak Campus